000 00476nam a2200181Ia 4500
005 20250326141845.0
008 250326s9999 xx 000 0 und d
037 _aTextbook
040 _aFMSL
_beng
_cFMSL
041 _aeng
_2eng
084 _qFMSL
100 _aBasu R N
_9745177
245 0 _aEradication of smallpox from India
_cBasu R N
260 _aNew Delhi
_bNew Delhi, World Health Org.
_c1979
300 _a361p
942 _cTB
999 _c1292308
_d1292308